000 00637nam a22002177a 4500
003 UA-OsUOA
001 63811
007 ta
008 20091020b un ||||| |||| 00| 0 ukr d
090 _a94(477+(470+511))
_bВ77
942 _cBK
040 _aUA-OsUOA
_brus
_cUA-OsUOA
_dUA-OsUOA
245 _aВоссоединение Украины с Россией
_bДокументы и материалы в трех томах
_cГудзенко П. П.
_n2
300 _a555 с.
955 _a2
041 _arus
080 _a94(477+(470+511))
260 _aМ.
_c1953
650 7 _a511 Теорія чисел
_2UDC
999 _c349864
_d349864